书目信息 |
| 题名: |
斯坦福算法博弈论二十讲
|
|
| 作者: | 拉夫加登 著 ;郝东 , 李斌 , 刘凡 译 | |
| 分册: | ||
| 出版信息: | 北京 机械工业出版社 2021.7 |
|
| 页数: | 12,233页 | |
| 开本: | 26cm | |
| 丛书名: | 计算机科学丛书 | |
| 单 册: | ||
| 中图分类: | O225 , TP301.6 | |
| 科图分类: | ||
| 主题词: | 博弈论--计算机算法 | |
| 电子资源: | ||
| ISBN: | 978-7-111-64306-7 | |
| 000 | 02024nam2 2200373 45 | |
| 001 | 012001002648 | |
| 005 | 20141008095546.0 | |
| 010 | @a978-7-111-64306-7@dCNY99.00 | |
| 100 | @a20200226d2020 em y0chiy50 ea | |
| 101 | 1 | @achi@ceng |
| 102 | @aCN@b110000 | |
| 105 | @aak az 000yy | |
| 106 | @ar | |
| 200 | 1 | @a斯坦福算法博弈论二十讲@Asi tan fu suan fa bo yi lun er shi jiang@b专著@dTwenty lectures on algorithmic game theory@f(美)蒂姆·拉夫加登(Tim Roughgarden)著@g郝东,李斌,刘凡译@zeng |
| 210 | @a北京@c机械工业出版社@d2021.7 | |
| 215 | @a12,233页@c图@d26cm | |
| 225 | 2 | @a计算机科学丛书 |
| 300 | @a华章教育 | |
| 300 | @a并列题名:Twenty lectures on algorithmic game theory | |
| 314 | @a蒂姆·拉夫加登(Tim Roughgarden), 哥伦比亚大学计算机科学系教授,之前曾任教于斯坦福大学,主要研究领域包括算法、博弈论以及微观经济学。他曾获得美国青年科学家与工程师总统奖(PECASE),ACM颁发的Grace Murray Hopper奖,Game Theory Society颁发的Kalai奖,Mathematical Programming Society颁发的Tucker奖,以及EATCS-SIGACT颁发的G?del奖。 | |
| 320 | @a有书目(第220-233页) | |
| 330 | @a计算机科学和经济学在过去的十多年中进行了热烈的交互,产生了新的算法博弈论领域。许多现代计算机科学的核心问题,从大型网络的资源分配到在线广告,都涉及多个自利方个体之间的相互作用。经济学和博弈论为这些问题提供了大量有用的模型和定义。同时,对于传统经济学的许多问题,来自计算机科学的研究又起到了补充作用。本书源于作者在斯坦福大学的算法博弈论课程讲义,旨在让学生和其他新学者快速、方便地了解该领域的许多最重要的概念。本书通过在线广告、无线频谱交易和网络管理等案例来说明这些概念,非常适合课堂教授和自学。 | |
| 410 | 0 | @12001 @a计算机科学丛书 |
| 461 | 0 | @12001 @a计算机科学丛书 |
| 510 | 1 | @aTwenty lectures on algorithmic game theory@zeng |
| 606 | 0 | @a博弈论@x计算机算法 |
| 690 | @aO225@v5 | |
| 690 | @aTP301.6@v5 | |
| 701 | 1 | @c(美)@a拉夫加登@Ala fu jia deng@c(Roughgarden, Tim)@4著 |
| 702 | 0 | @a郝东@Ahao dong@4译 |
| 702 | 0 | @a李斌@Ali bin@4译 |
| 702 | 0 | @a刘凡@Aliu fan@4译 |
| 801 | 2 | @aCN@bBJSDL@c20211018 |
| 905 | @b1350118-21@dO225@e248@f4 | |
| 斯坦福算法博弈论二十讲=Twenty lectures on algorithmic game theory/(美)蒂姆·拉夫加登(Tim Roughgarden)著/郝东,李斌,刘凡译.-北京:机械工业出版社,2021.7 |
| 12,233页:图;26cm.-(计算机科学丛书) |
| 华章教育.-并列题名:Twenty lectures on algorithmic game theory |
| ISBN 978-7-111-64306-7:CNY99.00 |
| 计算机科学和经济学在过去的十多年中进行了热烈的交互,产生了新的算法博弈论领域。许多现代计算机科学的核心问题,从大型网络的资源分配到在线广告,都涉及多个自利方个体之间的相互作用。经济学和博弈论为这些问题提供了大量有用的模型和定义。同时,对于传统经济学的许多问题,来自计算机科学的研究又起到了补充作用。本书源于作者在斯坦福大学的算法博弈论课程讲义,旨在让学生和其他新学者快速、方便地了解该领域的许多最重要的概念。本书通过在线广告、无线频谱交易和网络管理等案例来说明这些概念,非常适合课堂教授和自学。 |
| ● |
| 相关链接 |
|
|
|
|
正题名:斯坦福算法博弈论二十讲
索取号:O225/248
 
预约/预借
| 序号 | 登录号 | 条形码 | 馆藏地/架位号 | 状态 | 备注 |
| 1 | 1350118 | 213501183 | 第二样本阅览室/ [索取号:O225/248] | 在馆 | |
| 2 | 1350119 | 213501192 | 第三借阅区/ [索取号:O225/248] | 在馆 | |
| 3 | 1350120 | 213501209 | 第三借阅区/ [索取号:O225/248] | 在馆 | |
| 4 | 1350121 | 213501218 | 第三借阅区/ [索取号:O225/248] | 在馆 |